| 000 | 01136nam a2200277 i 4500 | ||
|---|---|---|---|
| 001 | 103357 | ||
| 003 | ES-MaACL | ||
| 005 | 20250624062927.0 | ||
| 007 | t| | ||
| 008 | 060215s1969 sp ||||1| spa d | ||
| 080 | _a76 Prieto Nespereira, Julio (083.82) | ||
| 100 | 1 |
_aPrieto Nespereira, Julio. _9143891 |
|
| 245 | 1 | 0 |
_aJulio Prieto Nespereira _b: [exposición, Sala de Santa Catalina del Ateneo de Madrid, octubre de 1969] / _c[Texto: Carlos Martínez-Barbeito]. |
| 260 |
_a[Madrid] : _bPublicaciones Españolas, _c[1969] |
||
| 300 |
_a[16] p. : _bil. ; _c28 cm. |
||
| 490 | 1 |
_aCuadernos de arte. Colección ordinaria ; _v267 |
|
| 600 | 1 | 4 |
_aPrieto Nespereira, Julio- _vExposiciones. _993937 |
| 610 | 2 | 7 |
_aAteneo de Madrid- _vExposiciones- _y1960-1969. _91920 |
| 655 | 7 |
_2tgfbne _9193628 _aCatálogos de exposiciones |
|
| 700 | 1 |
_aMartínez-Barbeito, Carlos, _d1913-1997 _977884 |
|
| 710 | 2 |
_aAteneo de Madrid. _bSala de Santa Catalina. _91964 |
|
| 830 | 0 |
_aCuadernos de arte. Colección ordinaria _v267 _9180064 |
|
| 852 |
_aES-MaACL _j2202-F-31 _9107232 _bR.137165 _cDEPOF |
||
| 942 |
_2udc _cFOLLETOS |
||
| 999 |
_c103357 _d103357 |
||